| 000 | 00496nam a22001817a 4500 | ||
|---|---|---|---|
| 003 | OSt | ||
| 005 | 20160120141746.0 | ||
| 008 | 130902t xxu||||| |||| 00| 0 eng d | ||
| 020 | _a0590494597 | ||
| 050 |
_aPE 1483 _b.Ot86 1993 |
||
| 082 |
_aHS 808.0666 _bOt2 1993 |
||
| 100 | _aOtfinoski, Steve | ||
| 245 |
_aPutting it in writing / _c Steve Otfinoski. |
||
| 260 |
_aNew York : _bScholastic Inc, _cc1993. |
||
| 300 |
_a144p : _bill. ; _c21 cm. |
||
| 942 |
_2lcc _cBK |
||
| 999 |
_c10224 _d10224 |
||